000 01092cam a22003257a 4500
003 CHAP
005 20220329141055.0
008 971013s r 00010 eng d
010 _a62214
011 _a63186
035 _a67362
040 _cCHAP
090 _aR-3586
100 0 0 _aCodron, J. M.
_924311
245 1 2 _aA bibliometric analysis of international literature on fruit and vegetable economics from 1975 to 1989
500 _aFotocopia
500 _aSobretiro de : Acta Horticulturae 340 : 35-42, 1993
590 _aBATCH-UPD
_b10
_c20130110
_lUCH01
_h0400
590 _aBATCH-UPD
_b10
_c20130110
_lUCH01
_h2337
590 _aBATCH-UPD
_b10
_c20130410
_lUCH01
_h0033
590 _aBATCH-UPD
_b10
_c20130410
_lUCH01
_h1626
590 _aBATCH-UPD
_b10
_c20130914
_lUCH01
_h0616
590 _aCONVERSION
_b10
_c20130109
_lUCH01
_h1333
650 1 4 _aBibliometría.
_912220
650 1 4 _aFruticultura
_xAnálisis bibliométrico.
_943688
650 1 4 _aHorticultura
_xAnálisis bibliométrico.
_956295
901 _aBK
942 _cREIMP
949 _aR-3586
_bBC
_cR
_d-152537
_eTS1
_i67362
_sb
999 _c62214
_d62214